| 000 | 00752nam a2200265Ia 4500 | ||
|---|---|---|---|
| 003 | OSt | ||
| 005 | 20220926024736.0 | ||
| 006 | a|||||r|||| 00| 0 | ||
| 007 | ta | ||
| 008 | 220923b |||||||| |||| 00| 0 eng d | ||
| 020 | _a0198771681 | ||
| 037 | _cGeneral Book | ||
| 040 |
_aRTL _cRTL _beng |
||
| 041 |
_2eng _aeng |
||
| 082 | _aX:57.3.N7, M1 | ||
| 100 |
_aEltis WA Ed. _9331390 |
||
| 245 | 0 | _aMoney supply and the exchange rate. | |
| 260 |
_aOxford _bClarendon Press _c1981 |
||
| 300 |
_a364p. Bibliography chapterwise. _ccm. |
||
| 650 | _a Forign Exchange | ||
| 650 | _aEconomics | ||
| 700 |
_a Sinolair PJN _9331391 |
||
| 942 |
_hX:57.3.N7, M1 _cGB _2CC |
||
| 999 |
_c645383 _d645383 |
||